<?xml version="1.0" encoding="UTF-8"?>
<record
    xmlns:xsi="http://www.w3.org/2001/XMLSchema-instance"
    xsi:schemaLocation="http://www.loc.gov/MARC21/slim http://www.loc.gov/standards/marcxml/schema/MARC21slim.xsd"
    xmlns="http://www.loc.gov/MARC21/slim">

  <leader>00319nam a22001457a 4500</leader>
  <controlfield tag="003">SGT</controlfield>
  <datafield tag="082" ind1=" " ind2=" ">
    <subfield code="a">611</subfield>
    <subfield code="b">S93S</subfield>
  </datafield>
  <datafield tag="100" ind1=" " ind2=" ">
    <subfield code="a">SAINI, GOPAL KRISHNA</subfield>
  </datafield>
  <datafield tag="245" ind1=" " ind2=" ">
    <subfield code="a">SHARIRA RACHNA PUSTIKA</subfield>
  </datafield>
  <datafield tag="260" ind1=" " ind2=" ">
    <subfield code="a">DELHI</subfield>
    <subfield code="b">NATH PUSTAK</subfield>
    <subfield code="c">1993</subfield>
  </datafield>
  <datafield tag="300" ind1=" " ind2=" ">
    <subfield code="a">424</subfield>
  </datafield>
  <datafield tag="650" ind1=" " ind2=" ">
    <subfield code="a">RACHNA SHARIRA </subfield>
  </datafield>
  <datafield tag="653" ind1=" " ind2=" ">
    <subfield code="a">RACHNA SHARIRA</subfield>
  </datafield>
  <datafield tag="942" ind1=" " ind2=" ">
    <subfield code="2">ddc</subfield>
    <subfield code="c">BK</subfield>
  </datafield>
  <datafield tag="952" ind1=" " ind2=" ">
    <subfield code="0">0</subfield>
    <subfield code="1">0</subfield>
    <subfield code="2">ddc</subfield>
    <subfield code="4">0</subfield>
    <subfield code="7">0</subfield>
    <subfield code="8">FA</subfield>
    <subfield code="a">APL</subfield>
    <subfield code="b">APL</subfield>
    <subfield code="c">TXT</subfield>
    <subfield code="d">2016-03-01</subfield>
    <subfield code="e">CHAUKHAMBHA</subfield>
    <subfield code="g">100.00</subfield>
    <subfield code="h">3</subfield>
    <subfield code="i">SGTU</subfield>
    <subfield code="l">1</subfield>
    <subfield code="o">611 S93S</subfield>
    <subfield code="p">FA2742</subfield>
    <subfield code="r">2016-07-04 00:00:00</subfield>
    <subfield code="s">2016-06-30</subfield>
    <subfield code="w">2015-12-16</subfield>
    <subfield code="y">BK</subfield>
    <subfield code="k">CP-B-724</subfield>
  </datafield>
  <datafield tag="952" ind1=" " ind2=" ">
    <subfield code="0">0</subfield>
    <subfield code="1">0</subfield>
    <subfield code="2">ddc</subfield>
    <subfield code="4">0</subfield>
    <subfield code="7">0</subfield>
    <subfield code="8">FA</subfield>
    <subfield code="a">APL</subfield>
    <subfield code="b">APL</subfield>
    <subfield code="c">TXT</subfield>
    <subfield code="d">2016-03-01</subfield>
    <subfield code="e">CHAUKHAMBHA</subfield>
    <subfield code="g">100.00</subfield>
    <subfield code="h">3</subfield>
    <subfield code="i">SGTU</subfield>
    <subfield code="l">0</subfield>
    <subfield code="o">611 S93S</subfield>
    <subfield code="p">FA2743</subfield>
    <subfield code="r">2016-03-01 00:00:00</subfield>
    <subfield code="w">2015-12-16</subfield>
    <subfield code="y">BK</subfield>
    <subfield code="k">CP-B-724</subfield>
  </datafield>
  <datafield tag="952" ind1=" " ind2=" ">
    <subfield code="0">0</subfield>
    <subfield code="1">0</subfield>
    <subfield code="2">ddc</subfield>
    <subfield code="4">0</subfield>
    <subfield code="5">1</subfield>
    <subfield code="7">0</subfield>
    <subfield code="8">FA</subfield>
    <subfield code="a">APL</subfield>
    <subfield code="b">APL</subfield>
    <subfield code="c">REF</subfield>
    <subfield code="d">2016-03-01</subfield>
    <subfield code="e">CHAUKHAMBHA</subfield>
    <subfield code="g">100.00</subfield>
    <subfield code="h">3</subfield>
    <subfield code="i">SGTU</subfield>
    <subfield code="l">1</subfield>
    <subfield code="o">611 S93S</subfield>
    <subfield code="p">FA2744</subfield>
    <subfield code="r">2016-04-13 00:00:00</subfield>
    <subfield code="s">2016-04-08</subfield>
    <subfield code="w">2015-12-16</subfield>
    <subfield code="y">BK</subfield>
    <subfield code="k">CP-B-724</subfield>
  </datafield>
  <datafield tag="952" ind1=" " ind2=" ">
    <subfield code="0">0</subfield>
    <subfield code="1">0</subfield>
    <subfield code="2">ddc</subfield>
    <subfield code="4">0</subfield>
    <subfield code="7">0</subfield>
    <subfield code="8">FA</subfield>
    <subfield code="a">APL</subfield>
    <subfield code="b">APL</subfield>
    <subfield code="c">TXT</subfield>
    <subfield code="d">2016-03-01</subfield>
    <subfield code="e">CHAUKHAMBHA</subfield>
    <subfield code="g">100.00</subfield>
    <subfield code="h">3</subfield>
    <subfield code="i">SGTU</subfield>
    <subfield code="l">0</subfield>
    <subfield code="o">611 S93S</subfield>
    <subfield code="p">FA2745</subfield>
    <subfield code="r">2016-03-01 00:00:00</subfield>
    <subfield code="w">2015-12-16</subfield>
    <subfield code="y">BK</subfield>
    <subfield code="k">CP-B-724</subfield>
  </datafield>
  <datafield tag="952" ind1=" " ind2=" ">
    <subfield code="0">0</subfield>
    <subfield code="1">0</subfield>
    <subfield code="2">ddc</subfield>
    <subfield code="4">0</subfield>
    <subfield code="7">0</subfield>
    <subfield code="8">FA</subfield>
    <subfield code="a">APL</subfield>
    <subfield code="b">APL</subfield>
    <subfield code="c">TXT</subfield>
    <subfield code="d">2016-03-01</subfield>
    <subfield code="e">CHAUKHAMBHA</subfield>
    <subfield code="g">100.00</subfield>
    <subfield code="h">3</subfield>
    <subfield code="i">SGTU</subfield>
    <subfield code="l">0</subfield>
    <subfield code="o">611 S93S</subfield>
    <subfield code="p">FA2746</subfield>
    <subfield code="r">2016-03-01 00:00:00</subfield>
    <subfield code="w">2015-12-16</subfield>
    <subfield code="y">BK</subfield>
    <subfield code="k">CP-B-724</subfield>
  </datafield>
  <datafield tag="999" ind1=" " ind2=" ">
    <subfield code="c">8272</subfield>
    <subfield code="d">8272</subfield>
  </datafield>
</record>
